000 00201nam a2200085Ia 4500
008 120527s9999 xx 000 0 und d
100 _aCARDANHA,JUDITH,M.
245 _aCareer reading Skills.
942 _cBK
999 _c23939
_d23939